Household welfare and vietnam's transition (Record no. 45711)

MARC details
000 -LEADER
fixed length control field 00833nam a2200217 a 4500
008 - FIXED-LENGTH DATA ELEMENTS--GENERAL INFORMATION
fixed length control field 071022s1998 ||||||||||||||||| || u
020 ## - INTERNATIONAL STANDARD BOOK NUMBER
International Standard Book Number 0821341626
050 ## - LIBRARY OF CONGRESS CALL NUMBER
Classification number IBRD(06)RSS/1998/1
100 ## - MAIN ENTRY--PERSONAL NAME
Personal name Glewwe, Paul
245 10 - TITLE STATEMENT
Title Household welfare and vietnam's transition
Statement of responsibility, etc. Edited by Dollar David, Paul Glewwe and Jennie Litvack
260 ## - PUBLICATION, DISTRIBUTION, ETC.
Place of publication, distribution, etc. Washington, D. C.
Name of publisher, distributor, etc. World Bank
Date of publication, distribution, etc. 1998
300 ## - PHYSICAL DESCRIPTION
Extent xvii, 300p.:ill.
350 ## - PRICE (NR) (BK AM CF MU VM SE) [OBSOLETE]
Price 0.00
490 ## - SERIES STATEMENT
Series statement World Bank Regional and Sectoral Studies
650 ## - SUBJECT ADDED ENTRY--TOPICAL TERM
Topical term or geographic name entry element VIETNAM--ECONOMIC POLICY
650 ## - SUBJECT ADDED ENTRY--TOPICAL TERM
Topical term or geographic name entry element POVERTY--VIETNAM
650 #0 - SUBJECT ADDED ENTRY--TOPICAL TERM
Topical term or geographic name entry element HOUSEHOLDS--ECONOMIC ASPECTS--VIETNAM
700 ## - ADDED ENTRY--PERSONAL NAME
Personal name Litvack, Jennie
700 ## - ADDED ENTRY--PERSONAL NAME
Personal name Dollar, David
995 ## - RECOMMENDATION 995 [LOCAL, UNIMARC FRANCE]
-- 0.00
-- CBU-MAIN LIBRARY (Kitwe)
-- 1
-- 0.00
-- 1
-- AVAILABLE
-- Dec 7, 2007
-- International Publications
Holdings
Withdrawn status Lost status Source of classification or shelving scheme Damaged status Not for loan Home library Current library Shelving location Date acquired Total Checkouts Full call number Barcode Date last seen Price effective from Koha item type
          CBU-MAIN LIBRARY, KITWE. CBU-MAIN LIBRARY, KITWE.   11/30/2022   IBRD(06)RSS/1998/1 55824 11/30/2022 11/30/2022 MONOGRAPH